| 000 | 00912nas a2200265 454500 | ||
|---|---|---|---|
| 001 | 27964 | ||
| 005 | 20260407193507.0 | ||
| 008 | 260407s1986####ag###########|||spa#d | ||
| 003 | AR-UNSa-BCEJYS | ||
| 040 |
_aAR-UNSa-BCEJYS _bspa _cAR-UNSa-BCEJYS |
||
| 080 |
_a34 _xDerecho |
||
| 245 | 1 | 0 |
_aRevista del colegio de abogados de Buenos Aires _peditorial, doctrina, informaciones, crónica |
| 022 | _a0325-8955 | ||
| 264 | 1 |
_aBuenos Aires : _b[s.e.] _c1986 |
|
| 310 | _aFrecuencia: Trimestral | ||
| 942 | _cSER | ||
| 590 | _aniveau_biblio:s niveau_hierar:1 | ||
| 100 | 1 | _aCampo, Julian del | |
| 700 | 1 | _aColegio de Abogados de Buenos Aires | |
| 650 | _aDERECHO ADMINISTRATIVO | ||
| 650 | _aDerecho público | ||
| 650 | _aLegislación | ||
| 650 | _aDOCTRINA | ||
| 856 | 4 | 1 |
_uhttps://biblioeco.unsa.edu.ar/pmb/images/revistas/Revista del Colegio de Abogados de Buenos Aires-r13558.jpg _yImagen de portada _qimage/jpeg |
| 999 |
_c8631 _d8631 |
||